01225nab a2200349 uc450000100070000000500170000700800410002403500110006503500210007604000130009704100080011010000390011824500940015765000360025165000170028765000420030465000200034665000300036665000290039665000220042565000310044765000190047870000390049770000410053670000400057770000400061770000380065770000350069577301160073094200100084699900190085678786220240818090226.0021127s2002 spa  a787862 a(OCoLC)820000397 ccomduadb aspa10aHarris, Citlalli4auteaut952407810aMaduracion y fecundacion in vitro de los ovocitos de Pteria sterna, Gould, 1851, Mollusca aFertilización in vitro957586 aOvulo936363 7aReproducción animal2agrovoc926457 aBivalvos926493 aRepoblacion animal971546 aCloruro de amonio929985 aSerotonina939682 aFisiología animal943635 aMoluscos9525310aFierro, Sashenka4auteaut936840910aCerda, Aimee de la4auteaut952407910aDominguez, Daniel4auteaut936841010aEchanove, Juan J.4auteaut936841110aFerreiro, Ivett4auteaut952408010aGaray, Karla4auteaut93684120 tCiencias Marinas (Baja California, México)gVol. 28, No. 02, Jun. 2002, p. 149-156w342758x0185-38800113697 cARIMP c270088d270088